| 000 | 00926nas a2200313 4500 | ||
|---|---|---|---|
| 001 | BR0603550 | ||
| 003 | BR-BrBNA | ||
| 005 | 20231205110232.0 | ||
| 007 | ta | ||
| 008 | 230509b bl.|||p| |||| 00| 00por d | ||
| 040 |
_aBR-BrBNA _bpor _cBiblioteca Nacional de Agricultura |
||
| 041 | _a(Pt) | ||
| 072 | _aK10 | ||
| 100 | 1 | _aMachado, S; do A. | |
| 100 | 1 | _aTéo, S.J. | |
| 100 | 1 | _aUrbano, E. | |
| 100 | 1 | _aFigura, M.A. | |
| 100 | 1 | _aSilva, L.C.R. da | |
| 245 | 1 | _aComparação de métodos de cubagem absolutos com o volume obtido pelo xilômetro para bracatinga (Mimosa scabrella Bentham) | |
| 650 | _aBRACATINGA | ||
| 650 | _aPLANTA ORNAMENTAL | ||
| 650 | _aDENDROMETRIA | ||
| 650 | _aMEDIÇÃO | ||
| 650 | _aVOLUME | ||
| 650 | _aMÉTODO | ||
| 773 | 0 |
_tCerne (Brazil) _xISSN 0104-7760 _g(Jul-Sep 2006), v. 12(3) p. 239-253 _wBR0603550 |
|
| 909 |
_a202311 _bLúcia _c55 _dLúcia Elande |
||
| 942 |
_2AGRIS _n0 _cANA |
||
| 999 |
_c186615 _d186615 |
||